[Event "Moscow Open 2009 C"]
[Site "?"]
[Date "2009.02.04"]
[Round "5.9"]
[White "Kovalevskaya, Ekaterina"]
[Black "Borisova, Elizaveta"]
[Result "1-0"]
[WhiteElo "2442"]
[BlackElo "2270"]
[Annotator ""]
[Source ""]
[Remark ""]

1.c4 e5 2.Nc3 Nf6 3.Nf3 Nc6 4.g3 Bb4 5.Bg2 O-O 6.Nd5 Bc5 7.d3
h6 8.O-O Re8 9.e3 d6 10.d4 exd4 11.exd4 Bb6 12.Nxb6 axb6 13.d5
Ne5 14.Nxe5 Rxe5 15.b3 Bg4 16.f3 Bf5 17.g4 Bd7 18.Bf4 Re8 19.a4
Nh7 20.Qd4 Re2 21.Rae1 Qe7 22.Bd2 Rxe1 23.Rxe1 Qf8 24.Bc3 f6
25.Bf1 Ng5 26.Kg2 f5 27.Qxg7+ Qxg7 28.Bxg7 fxg4 29.Bxh6 Nxf3
30.Re7 Ne5 31.Kg3 Re8 32.Rg7+ Kh8 33.Bg2 Ra8 34.Re7 Re8 35.Bg7+
Kg8 36.Rxe8+ Bxe8 37.Bxe5 dxe5 38.Be4 Bd7 39.Kh4 Kf8 40.Kg5 Ke7
41.Bf5 Be8 42.Bxg4 Kd6 43.h4 Kc5 44.h5 Bxh5 45.Bxh5 Kb4 46.Bd1 1-0

[Event "Moscow Open 2009 C"]
[Site "?"]
[Date "2009.02.04"]
[Round "5.10"]
[White "Iljushina, Olga"]
[Black "Muzychuk, Mariya"]
[Result "1/2-1/2"]
[WhiteElo "2269"]
[BlackElo "2427"]
[Annotator ""]
[Source ""]
[Remark ""]

1.d4 Nf6 2.c4 c5 3.d5 b5 4.Nf3 e6 5.Bg5 Qa5+ 6.Nc3 Ne4 7.Bd2
Nxd2 8.Nxd2 b4 9.Nb3 Qb6 10.Ne4 d6 11.dxe6 Bxe6 12.Qd3 Nd7 13.Ng5
O-O-O 14.e4 Be7 15.Nxe6 fxe6 16.Be2 Bf6 17.O-O-O Kc7 18.f4 Nb8
19.Qe3 e5 20.f5 h5 21.g3 Nc6 22.h3 Qb8 23.g4 hxg4 24.hxg4 Rxh1
25.Rxh1 Rh8 26.Rg1 Rh2 27.g5 Be7 28.Bd1 Qh8 29.Nd2 Nd4 30.Nf1
Rh1 31.f6 Rxg1 32.Qxg1 gxf6 33.g6 Bf8 34.Qg4 Qh6+ 35.Kb1 Nc6
36.Ne3 Ne7 37.Ba4 Qxe3 38.Qd7+ Kb8 39.Qe8+ Nc8 40.Qxf8 Qe1+ 41.Kc2
Qf2+ 42.Kd1 Qg3 43.Bd7 Qd3+ 44.Ke1 Qxe4+ 45.Kf2 Qf4+ 46.Kg2 Qg5+
47.Kf2 Qf4+ 48.Kg2 1/2-1/2

[Event "Moscow Open 2009 C"]
[Site "?"]
[Date "2009.02.04"]
[Round "5.11"]
[White "Mongontuul, Bathuyag"]
[Black "Shumilina, Alexandra"]
[Result "1-0"]
[WhiteElo "2425"]
[BlackElo "2269"]
[Annotator ""]
[Source ""]
[Remark ""]

1.e4 c5 2.Nf3 d6 3.d4 cxd4 4.Nxd4 Nf6 5.Nc3 a6 6.Be3 e5 7.Nde2
Be7 8.Ng3 Be6 9.Be2 O-O 10.O-O Re8 11.Kh1 b5 12.f4 b4 13.Nd5
Bxd5 14.exd5 Nbd7 15.fxe5 Nxe5 16.Nf5 Nfd7 17.a3 a5 18.Bb5 Bf8
19.Bf4 Rb8 20.a4 g6 21.Nd4 Qc7 22.Bxe5 dxe5 23.Nc6 Ra8 24.Qf3
Nc5 25.Nxa5 e4 26.Qf6 Red8 27.Nc6 Rxd5 28.Bc4 Rd7 29.Ne5 Bg7
30.Bxf7+ Rxf7 31.Qxf7+ Qxf7 32.Nxf7 Bxb2 33.Rab1 Bc3 34.Nh6+
Kg7 35.Ng4 Bd2 36.Rf2 e3 37.Re2 Nxa4 38.Ra1 Nc3 39.Rxa8 Nxe2
40.Nxe3 Nd4 41.Re8 b3 42.cxb3 Nxb3 43.Re7+ Kf8 44.Nd5 h6 45.g3
Bg5 46.Ra7 Nd4 47.h4 Bd2 48.Kg2 Nf5 49.Kf2 h5 50.Ke2 Bh6 51.Kf3
Bd2 52.Nf4 Ne7 53.Nd3 Bc3 54.Rc7 Bf6 55.Nf4 Kf7 56.Nd5 Ke6 57.Nxf6
Kxf6 58.Ra7 Nf5 59.Kf4 Ng7 60.Ra6+ Ne6+ 61.Ke4 Kf7 62.Ke5 Nf8
63.Ra7+ 1-0

[Event "Moscow Open 2009 C"]
[Site "?"]
[Date "2009.02.04"]
[Round "5.12"]
[White "Bezgodova, Svetlana"]
[Black "Matveeva, Svetlana"]
[Result "0-1"]
[WhiteElo "2214"]
[BlackElo "2422"]
[Annotator ""]
[Source ""]
[Remark ""]

1.Nf3 d5 2.g3 c6 3.Bg2 Nf6 4.O-O Bf5 5.d3 h6 6.Nbd2 e6 7.b3 a5
8.a3 Bc5 9.Bb2 O-O 10.Qe1 Nbd7 11.e4 Bh7 12.Qe2 Qb6 13.e5 Ne8
14.d4 Be7 15.Ne1 Nc7 16.f4 c5 17.dxc5 Bxc5+ 18.Kh1 Nb5 19.Ndf3
Rac8 20.a4 Nd4 21.Nxd4 Bxd4 22.Bxd4 Qxd4 23.Rd1 Qb6 24.Rd2 Rc3
25.Nf3 Nc5 26.Qf2 Rc8 27.Nd4 Ne4 28.Bxe4 Bxe4+ 29.Kg1 Qc5 30.Rc1
h5 31.Kf1 Qa3 32.Re1 Qe7 33.Re3 f6 34.exf6 Qxf6 35.Kg1 h4 36.g4
e5 37.Rxc3 Rxc3 38.fxe5 Qg5 39.e6 Qxg4+ 40.Kf1 Kh7 41.Ke1 Rc7
42.Re2 Re7 43.Kd2 Rc7 44.Kc1 Qg5+ 45.Kb2 Rc8 46.Re3 Qe7 47.Rh3
g5 48.Rc3 Rxc3 49.Kxc3 Kg6 50.Kb2 Qf6 51.Qe3 g4 52.Ka2 Qe5 53.Qf2
Qf6 54.Qe3 g3 55.hxg3 h3 56.Ne2 h2 57.Nf4+ Kh7 58.Nh5 Qxe6 59.Qg5
Qf7 60.Nf6+ Qxf6 61.Qxf6 h1Q 62.Qf7+ Kh6 63.Qxb7 Qc1 0-1

[Event "Moscow Open 2009 C"]
[Site "?"]
[Date "2009.02.04"]
[Round "5.13"]
[White "Ivkina, Olga"]
[Black "Shadrina, Tatiana"]
[Result "1-0"]
[WhiteElo "2268"]
[BlackElo "2416"]
[Annotator ""]
[Source ""]
[Remark ""]

1.e4 e5 2.Nf3 Nc6 3.Bb5 a6 4.Ba4 Nf6 5.O-O Be7 6.Re1 b5 7.Bb3
O-O 8.a4 Bb7 9.d3 d6 10.Nbd2 Na5 11.Ba2 c5 12.Nf1 b4 13.Ne3 b3
14.cxb3 Nc6 15.b4 Nxb4 16.Bc4 a5 17.Nf5 Bc8 18.Bd2 Be6 19.Bxe6
fxe6 20.Qb3 Qd7 21.Bxb4 axb4 22.Ng5 d5 23.exd5 exf5 24.d6+ Kh8
25.dxe7 Qxe7 26.Ne6 Rfe8 27.Rxe5 Ng4 28.Re2 Qd6 29.f4 h6 30.Qc4
Re7 31.Rae1 Rae8 32.a5 Nf6 33.Re5 Nd7 34.Qd5 Qxd5 35.Rxd5 Nf8
36.Rxf5 Kg8 37.Rxc5 Rxe6 38.Rxe6 Rxe6 39.Rb5 Re1+ 40.Kf2 Ra1
41.Kf3 Ne6 42.Rb6 Kf7 43.a6 Nc5 44.Rb7+ Kg6 45.Rb6+ Kh7 46.Rxb4
Rxa6 47.d4 Nd3 48.Rb3 Ne1+ 49.Ke4 Nxg2 50.f5 Ra1 51.d5 Re1+ 52.Kd4
Nh4 53.Kc5 Nxf5 54.Rf3 g6 55.b4 Rc1+ 56.Kb6 Kg7 57.Rf4 Kf6 58.Re4
Ne7 59.Re6+ Kf7 60.Re5 Nc8+ 61.Ka6 Rd1 62.Kb5 Kf6 63.Re6+ Kf7
64.Re5 Rc1 65.Ka6 Nd6 66.Re6 Nf5 67.b5 Ne7 68.Re5 Rd1 69.b6 Nxd5
70.b7 Ra1+ 71.Kb5 Nf6 72.Kc6 Rb1 73.Rc5 Nd7 74.Rc2 Nb8+ 75.Kc7
Na6+ 76.Kc8 Ke7 77.Rc6 Ra1 78.Rxa6 Rxa6 79.b8Q 1-0

[Event "Moscow Open 2009 C"]
[Site "?"]
[Date "2009.02.04"]
[Round "5.14"]
[White "Fakhretdinova, Margarita"]
[Black "Gunina, Valentina"]
[Result "0-1"]
[WhiteElo "2167"]
[BlackElo "2400"]
[Annotator ""]
[Source ""]
[Remark ""]

1.e4 e6 2.d4 d5 3.Nc3 Nf6 4.e5 Nfd7 5.f4 c5 6.Nf3 Nc6 7.Be3 cxd4
8.Nxd4 Bc5 9.Qd2 O-O 10.Be2 a6 11.O-O Nxd4 12.Bxd4 Qb6 13.Bxc5
Nxc5 14.Qd4 Bd7 15.Rad1 Bb5 16.Bxb5 axb5 17.a3 Rfc8 18.Rf2 Qc6
19.Rfd2 Na4 20.Na2 Qb6 21.Qxb6 Nxb6 22.c3 Rc4 23.Rd4 Rxd4 24.cxd4
Nc4 25.Rb1 f6 26.Nc3 fxe5 27.fxe5 Ra5 28.Kf2 Kf7 29.Ke2 Ke7 30.Kd3
Kd7 31.Nd1 Ra8 32.Rc1 Rf8 33.Rc2 Rf1 34.Ne3 Re1 35.Ng4 h5 36.b3
hxg4 37.bxc4 bxc4+ 38.Kd2 Re4 39.Kc3 Re3+ 40.Kb4 Rb3+ 0-1

[Event "Moscow Open 2009 C"]
[Site "?"]
[Date "2009.02.04"]
[Round "5.15"]
[White "Suslova, Alena"]
[Black "Demina, Julia"]
[Result "0-1"]
[WhiteElo "2147"]
[BlackElo "2361"]
[Annotator ""]
[Source ""]
[Remark ""]

1.c4 e5 2.Nc3 Bb4 3.g3 Bxc3 4.bxc3 d6 5.Bg2 f5 6.d3 Nf6 7.Nf3
Nc6 8.O-O O-O 9.Rb1 Qe8 10.Qc2 b6 11.Ne1 Bb7 12.Bd2 Na5 13.Bxb7
Nxb7 14.Ng2 Qh5 15.f3 g5 16.Kf2 f4 17.Rh1 Rae8 18.Rbg1 Kh8 19.Ke1
Nc5 20.Kd1 g4 21.Ne1 gxf3 22.exf3 Ne6 23.g4 Qh4 24.Bc1 d5 25.cxd5
Nxd5 26.Rf1 c5 27.c4 Nd4 28.Qf2 Qxf2 29.Rxf2 Nc3+ 30.Kd2 Nxa2
31.Ba3 Nb4 32.Kc3 a5 33.Rb2 Rd8 34.Rf1 Rf6 35.h4 Rh6 36.h5 Rhd6
37.Rff2 h6 38.Rbd2 Kg7 39.Kb2 Kf6 40.Kc3 Ne6 41.Rfe2 Ng5 42.Rf2
R8d7 43.Bc1 Nc6 44.Ba3 Nd4 45.Kb2 b5 46.cxb5 Nxb5 47.Bb4 cxb4
48.Kb3 Nc3 0-1

[Event "Moscow Open 2009 C"]
[Site "?"]
[Date "2009.02.04"]
[Round "5.16"]
[White "Solovjova, Valentina"]
[Black "Akatova, Ekaterina"]
[Result "0-1"]
[WhiteElo "2324"]
[BlackElo "2261"]
[Annotator ""]
[Source ""]
[Remark ""]

1.e4 c6 2.d4 d5 3.exd5 cxd5 4.Bd3 Nc6 5.c3 Qc7 6.Ne2 Bg4 7.f3
Bh5 8.Bf4 Qd7 9.Nd2 e6 10.Nb3 Bg6 11.O-O Nf6 12.Re1 Be7 13.Nc5
Qc8 14.Bg3 O-O 15.Nf4 Bxd3 16.Ncxd3 a5 17.a4 Na7 18.Qb3 Re8 19.Ne5
Bf8 20.Nfd3 Nh5 21.Bf2 f6 22.Ng4 Qc4 23.Qc2 Qc7 24.Ne3 Bd6 25.Nf1
Nf4 26.Nxf4 Bxf4 27.Re2 Qc6 28.Rae1 b5 29.axb5 Nxb5 30.Qa4 Ra6
31.Ra1 Na7 32.Qxc6 Nxc6 33.b4 Rb6 34.bxa5 Ra6 35.Rea2 Rea8 36.Bg3
Bxg3 37.hxg3 Rxa5 38.Rxa5 Rxa5 39.Rxa5 Nxa5 40.Ne3 Kf7 41.Kf2
Ke7 42.Ke2 Kd6 43.Kd3 h5 44.g4 hxg4 45.Nxg4 Nc4 46.f4 Kc6 47.Nf2
Kb5 48.g4 Ka4 49.g5 Kb3 50.g6 Nb2+ 51.Kd2 Nc4+ 52.Kd3 Nd6 53.Kd2
Kc4 54.Nd3 Ne4+ 55.Kc2 Nxc3 56.Nc5 Ne2 57.Nd7 Nxf4 58.Nxf6 Nxg6
59.Nh5 Kxd4 60.Nxg7 e5 0-1

[Event "Moscow Open 2009 C"]
[Site "?"]
[Date "2009.02.04"]
[Round "5.17"]
[White "Bulmaga, Irina"]
[Black "Lelekova, Olga"]
[Result "0-1"]
[WhiteElo "2300"]
[BlackElo "2222"]
[Annotator ""]
[Source ""]
[Remark ""]

1.e4 d5 2.exd5 Qxd5 3.Nc3 Qd6 4.d4 Nf6 5.Nf3 a6 6.Bd3 Bg4 7.O-O
Nc6 8.Ne4 Qd5 9.c4 Qh5 10.Nxf6+ gxf6 11.Be4 Rg8 12.Kh1 O-O-O
13.Qa4 Nxd4 14.Nxd4 Rxd4 15.Be3 Bd7 16.Bxb7+ Kxb7 17.Qb3+ Ka8
18.Bxd4 e5 19.Qd1 Qxd1 20.Raxd1 exd4 21.Rxd4 Bd6 22.f3 Be6 23.b3
Rg5 24.Rdd1 Ra5 25.Rf2 Kb7 26.Rb1 Ra3 27.Rd2 Kc6 28.Rbd1 a5 29.Rc2
Kc5 30.g4 a4 31.Rd3 axb3 32.axb3 Kb4 33.Rd4 Kxb3 34.Rcd2 Bxc4
35.Kg2 Kc3 36.Rxd6 cxd6 37.Rxd6 Be6 0-1

[Event "Moscow Open 2009 C"]
[Site "?"]
[Date "2009.02.04"]
[Round "5.18"]
[White "Karpova, Lyudmila"]
[Black "Savina, Anastasia"]
[Result "0-1"]
[WhiteElo "2131"]
[BlackElo "2297"]
[Annotator ""]
[Source ""]
[Remark ""]

1.e4 c5 2.Nf3 Nc6 3.Bb5 d6 4.O-O Bd7 5.Re1 a6 6.Bxc6 Bxc6 7.d4
cxd4 8.Nxd4 Bd7 9.Nc3 e6 10.Be3 Nf6 11.f3 Be7 12.Qd3 O-O 13.Rad1
Qc7 14.Bf2 Rac8 15.Nb3 b5 16.a3 Rfd8 17.Qe3 Bc6 18.Rd2 Ba8 19.Red1
Nd7 20.Bg3 Nb6 21.Rd3 Nc4 22.Qc1 h6 23.Nd2 Bg5 24.f4 Bf6 25.Nxc4
bxc4 26.Re3 d5 27.e5 d4 28.Re2 dxc3 29.exf6 Qc5+ 30.Kf1 Rxd1+
31.Qxd1 cxb2 0-1

[Event "Moscow Open 2009 C"]
[Site "?"]
[Date "2009.02.04"]
[Round "5.19"]
[White "Strutinskaya, Galina N"]
[Black "Matveeva, Olga"]
[Result "1-0"]
[WhiteElo "2291"]
[BlackElo "2219"]
[Annotator ""]
[Source ""]
[Remark ""]

1.d4 Nf6 2.c4 g6 3.Nc3 Bg7 4.Nf3 O-O 5.g3 d6 6.Bg2 c6 7.e4 Qa5
8.Qc2 Nbd7 9.O-O e5 10.Bd2 Qa6 11.b3 b5 12.cxb5 cxb5 13.Rfd1
Bb7 14.Bf1 Rac8 15.d5 Qb6 16.b4 Ng4 17.Be1 f5 18.Ng5 fxe4 19.Ngxe4
Ndf6 20.Qe2 Rc4 21.Nxd6 Rxc3 22.Nxb7 Rc4 23.Nc5 e4 24.Nd7 Nxd7
25.Qxg4 Ne5 26.Qe6+ Qxe6 27.dxe6 Nf3+ 28.Kh1 Rc2 29.Rac1 Nxe1
30.Rxe1 Rxa2 31.e7 Rb8 32.Bxb5 1-0

[Event "Moscow Open 2009 C"]
[Site "?"]
[Date "2009.02.04"]
[Round "5.20"]
[White "Vasilkova, Svetlana"]
[Black "Butuc, Maria"]
[Result "1/2-1/2"]
[WhiteElo "2371"]
[BlackElo "2182"]
[Annotator ""]
[Source ""]
[Remark ""]

1.d4 d5 2.c4 c6 3.Nf3 Nf6 4.e3 a6 5.Qc2 g6 6.Bd3 Bg7 7.Nc3 O-O
8.Bd2 Bg4 9.Ne5 Be6 10.b3 c5 11.cxd5 Nxd5 12.Ne4 cxd4 13.exd4
Qb6 14.Qc5 Rc8 15.Qxb6 Nxb6 16.Rc1 N8d7 17.f4 Rxc1+ 18.Bxc1 Rd8
19.Be2 Bd5 20.Bf3 f6 21.Nxd7 Rxd7 22.Bb2 Bxe4 23.Bxe4 f5 24.Bf3
Bxd4 25.Bxd4 Rxd4 26.Bxb7 a5 27.Rf1 Nd5 28.Bxd5+ Rxd5 29.Ke2
e5 30.fxe5 Rxe5+ 31.Kd3 Rd5+ 32.Ke3 Re5+ 33.Kf3 Rc5 34.Re1 Kf7
35.Re2 Kf6 36.Ke3 g5 37.a3 Rc3+ 38.Kd4 Rxb3 39.Ra2 f4 40.Ke4
Re3+ 41.Kd4 Kf5 42.h3 Rg3 43.a4 f3 44.gxf3 Rxh3 45.Rc2 Rh4+ 46.Ke3
Rxa4 47.Rc5+ Kg6 48.Kf2 Kh5 49.Kg3 Ra1 50.Rb5 a4 51.Kg2 a3 52.f4
h6 53.fxg5 hxg5 54.Ra5 a2 55.Ra4 Kg6 56.Ra8 Kf5 57.Ra4 Ke5 58.Ra8
Kf4 59.Ra4+ Ke3 60.Ra3+ Ke4 61.Ra4+ Kf5 62.Ra5+ Kg6 63.Ra6+ Kh5
64.Ra5 Kh4 65.Ra8 g4 66.Rh8+ Kg5 67.Ra8 1/2-1/2

[Event "Moscow Open 2009 C"]
[Site "?"]
[Date "2009.02.04"]
[Round "5.21"]
[White "Grabuzova, Tatiana"]
[Black "Bezgodova, Maria"]
[Result "1-0"]
[WhiteElo "2332"]
[BlackElo "2101"]
[Annotator ""]
[Source ""]
[Remark ""]

1.d4 Nf6 2.c4 d6 3.Nc3 Nbd7 4.e4 e5 5.Nf3 Be7 6.Be2 O-O 7.O-O
c6 8.Qc2 Re8 9.Rd1 Qc7 10.h3 Bf8 11.Be3 exd4 12.Bxd4 Ne5 13.Rac1
Qe7 14.Re1 Bd7 15.b4 Ng6 16.Bf1 h6 17.Rcd1 Be6 18.Nd5 cxd5 19.exd5
Nf4 20.dxe6 Nxe6 21.Bb2 Nh7 22.Nd4 Nxd4 23.Bxd4 Qd7 24.Bd3 Ng5
25.Bf5 Ne6 26.Bb2 Qc7 27.Bh7+ Kh8 28.Be4 Rac8 29.Qd2 Kg8 30.Bd5
Qe7 31.Re4 b6 32.Rde1 Qg5 33.Qxg5 hxg5 34.Bc1 Nc7 35.Rxe8 Nxe8
36.Bxg5 Nc7 37.Bb7 Rb8 38.Bf3 Ne6 39.Be3 Rc8 40.Be2 Be7 41.Rd1
Kf8 42.f4 Rd8 43.f5 Nc7 44.Bf4 Rd7 45.c5 bxc5 46.bxc5 d5 47.c6
Bc5+ 48.Kf1 Re7 49.Rb1 Bb6 50.Bd6 Ke8 51.a4 f6 52.a5 Bxa5 53.Rb8+
Kf7 54.Bh5+ g6 55.Bxg6+ 1-0

[Event "Moscow Open 2009 C"]
[Site "?"]
[Date "2009.02.04"]
[Round "5.22"]
[White "Charochkina, Daria"]
[Black "Yakovich, Yuliya"]
[Result "1-0"]
[WhiteElo "2316"]
[BlackElo "2125"]
[Annotator ""]
[Source ""]
[Remark ""]

1.e4 e5 2.Nf3 Nc6 3.Nc3 Nf6 4.g3 d5 5.exd5 Nxd5 6.Bg2 Nxc3 7.bxc3
Bd6 8.O-O O-O 9.Rb1 Rb8 10.d4 Bf5 11.Re1 Qf6 12.Be3 b6 13.Nh4
Ne7 14.dxe5 Bxe5 15.Bg5 Qxg5 16.Rxe5 Qf6 17.Rxe7 Bxc2 18.Rxf7
Bxd1 19.Rxf6 Rxf6 20.Rxd1 Rd6 21.Rxd6 cxd6 22.Bd5+ Kf8 23.Nf5
Re8 24.Kf1 Rc8 25.c4 Rc5 26.Nxd6 Ra5 27.c5 Rxc5 28.Bb3 Ke7 29.Ne4
Re5 30.Nc3 Kd6 31.f3 Kc5 32.Kf2 b5 33.f4 Re8 34.Bf7 Re7 35.Bg8
h6 36.Kf3 b4 37.Ne4+ Kd4 38.Nd6 Kd3 39.h4 a5 40.Bb3 Ra7 41.Ba4
Re7 42.f5 Kc3 43.Bb3 Rd7 44.Ne4+ Kd4 45.Kf4 Ra7 46.Nd6 Re7 47.f6
g5+ 48.hxg5 hxg5+ 49.Kxg5 Rh7 50.Bg8 Rh3 51.Nf5+ 1-0

[Event "Moscow Open 2009 C"]
[Site "?"]
[Date "2009.02.04"]
[Round "5.23"]
[White "Pustovoitova, Daria"]
[Black "Dogodkina, Julia"]
[Result "1/2-1/2"]
[WhiteElo "2314"]
[BlackElo "2003"]
[Annotator ""]
[Source ""]
[Remark ""]

1.e4 e6 2.d4 d5 3.e5 c5 4.c3 Nc6 5.Nf3 Bd7 6.a3 c4 7.Nbd2 Na5
8.Be2 Bc6 9.O-O Qd7 10.Qe1 O-O-O 11.Rb1 Ba4 12.Bd1 Bxd1 13.Qxd1
f5 14.b4 Nc6 15.Qa4 b6 16.Ng5 Kb7 17.Qd1 h6 18.Nh3 g5 19.Qh5
Qg7 20.f4 g4 21.Nf2 g3 22.hxg3 Qxg3 23.Qf3 Qxf3 24.Nxf3 Nge7
25.g3 Rd7 26.Kg2 Ng6 27.Rh1 Rg7 28.Rh5 Be7 29.Bd2 Nd8 30.Rbh1
Nf7 31.Kf1 Rhg8 32.Be1 Kc6 33.a4 a6 34.Nd1 Nf8 35.Ne3 Kd7 36.Ke2
Ng6 37.Bf2 Rb8 38.Nh2 Rf8 39.Kf3 Bd8 40.Ng2 Rfg8 41.Ne1 Rf8 42.Ke3
Rfg8 43.Nef3 Be7 44.Ng1 Nf8 45.Ne2 Bd8 46.Rg1 Ng6 47.Kf3 Ne7
48.Nf1 Ng6 49.Ne3 Rf8 50.Rg2 Bc7 51.Ng1 Bd8 52.Nh3 Rgg8 53.Rg1
Be7 54.Re1 Kc6 55.Rh1 Rg7 56.Ng1 Kd7 57.Ne2 Bd8 58.Kg2 Rfg8 59.Kh3
Ne7 60.Bg1 Rg6 61.Bh2 R6g7 62.Rg1 1/2-1/2

[Event "Moscow Open 2009 C"]
[Site "?"]
[Date "2009.02.04"]
[Round "5.24"]
[White "Uljianova, Nadezhda"]
[Black "Manakova., Maria"]
[Result "1/2-1/2"]
[WhiteElo "2106"]
[BlackElo "2299"]
[Annotator ""]
[Source ""]
[Remark ""]

1.d4 c5 2.d5 e5 3.e4 d6 4.c4 Be7 5.Nf3 Bg4 6.Be2 Bxf3 7.Bxf3
Nd7 8.Nc3 a6 9.O-O Bg5 10.Bxg5 Qxg5 11.Bg4 Ngf6 12.Bxd7+ Nxd7
13.a4 O-O 14.Ne2 f5 15.exf5 Rxf5 16.Ng3 Rf4 17.Qe2 Nf6 18.Ra3
Rf8 19.Rb3 Qh4 20.f3 Rf7 21.Re3 Qh6 22.Re1 g6 23.Ne4 Nxe4 24.Rxe4
Qf8 25.Rxf4 Rxf4 26.Qc2 Rd4 27.b3 Qh6 28.Re2 Qf4 29.h3 Qg5 30.Kh1
Qd8 31.Re4 Qa5 32.f4 Rxe4 33.Qxe4 exf4 34.Qe8+ Kg7 35.Qe7+ Kg8 1/2-1/2

[Event "Moscow Open 2009 C"]
[Site "?"]
[Date "2009.02.04"]
[Round "5.25"]
[White "Gu, Xiaobing"]
[Black "Samigullina, Diana"]
[Result "1-0"]
[WhiteElo "2283"]
[BlackElo "2083"]
[Annotator ""]
[Source ""]
[Remark ""]

1.e4 c6 2.d4 d5 3.exd5 cxd5 4.c4 Nf6 5.Nc3 e6 6.Nf3 Be7 7.Bd3
O-O 8.O-O Nc6 9.a3 dxc4 10.Bxc4 a6 11.Re1 b5 12.Bb3 Bb7 13.Qd3
Qd6 14.Bg5 Rfd8 15.Rad1 Rac8 16.d5 exd5 17.Nxd5 Nxd5 18.Bxd5
Qc7 19.Qf5 Rxd5 20.Rxd5 Bd6 21.Qd3 Ne5 22.Rdxe5 Bxe5 23.Nxe5
f6 24.Qb3+ Kf8 25.Bd2 a5 26.Bxa5 1-0

[Event "Moscow Open 2009 C"]
[Site "?"]
[Date "2009.02.04"]
[Round "5.26"]
[White "Semenova, Elena"]
[Black "Aketaeva, Dana"]
[Result "1/2-1/2"]
[WhiteElo "2086"]
[BlackElo "2283"]
[Annotator ""]
[Source ""]
[Remark ""]

1.e4 e6 2.Nf3 d5 3.Nc3 dxe4 4.Nxe4 Nd7 5.d4 Ngf6 6.Nxf6+ Nxf6
7.Bd3 Be7 8.O-O O-O 9.c3 b6 10.Qe2 Bb7 11.h3 h6 12.Bf4 c5 13.dxc5
bxc5 14.Rfd1 Qb6 15.Ne5 Rfd8 16.Bc4 Bd5 17.Bxd5 exd5 18.Ng4 Bf8
19.Nxf6+ Qxf6 20.Bg3 d4 21.cxd4 cxd4 22.Rd3 Rd5 23.Rc1 Bc5 24.Rc4
Qa6 25.b3 Qe6 26.Qxe6 fxe6 27.b4 Bb6 28.a4 e5 29.f3 Bd8 30.Bf2
Bf6 31.Kf1 Kf7 32.Ke2 Kg6 33.Rd1 h5 34.g4 hxg4 35.hxg4 Rh8 36.Kd3
Rh2 37.Rd2 Rh1 38.Rc7 a5 39.b5 Ra1 40.Rb2 Ra3+ 41.Ke4 Rd8 42.b6
d3 43.b7 Rxa4+ 44.Ke3 Bg5+ 45.f4 Rxf4 46.Bh4 d2 47.Rxd2 Rb4+
48.Bxg5 Rxd2 49.Kxd2 Kxg5 50.Rxg7+ Kf6 51.Rc7 a4 52.Kc3 Rb3+
53.Kc4 Rb1 54.Kc5 Kg5 55.Kd5 a3 56.Rc3 Rxb7 57.Rxa3 Re7 58.Ke4
Kxg4 59.Ra5 1/2-1/2

[Event "Moscow Open 2009 C"]
[Site "?"]
[Date "2009.02.04"]
[Round "5.27"]
[White "Gvanceladze, Anna"]
[Black "Kostrikina, Anna"]
[Result "1/2-1/2"]
[WhiteElo "2070"]
[BlackElo "2157"]
[Annotator ""]
[Source ""]
[Remark ""]

1.e4 c5 2.Nc3 Nc6 3.g3 g6 4.Bg2 Bg7 5.d3 d6 6.Be3 e5 7.Qd2 Nd4
8.f4 Ne7 9.Nf3 O-O 10.O-O Rb8 11.Rac1 Be6 12.fxe5 dxe5 13.Rf2
b5 14.Rcf1 f6 15.a3 Qd7 16.Ne2 Rbd8 17.Rd1 a6 18.b4 Nxe2+ 19.Rxe2
c4 20.d4 exd4 21.Bxd4 Qc7 22.Qe3 Nc6 23.Red2 Nxd4 24.Nxd4 Bg4
25.Bf3 Bc8 26.Ne2 Rxd2 27.Qxd2 Re8 28.Nf4 Bb7 29.Nd5 Qe5 30.Kg2
Bc6 31.Qf4 Qxf4 32.gxf4 Bb7 33.Kf2 Kf7 34.Ke3 Rd8 35.f5 Bxd5
36.exd5 Bf8 37.Bg4 Bd6 38.fxg6+ hxg6 39.Be6+ Kg7 40.h3 f5 41.c3
Kf6 42.Rf1 Rh8 43.Rf3 Be5 44.Kd2 Rd8 45.Rf1 Rh8 46.Rf3 Rd8 47.Rf1
Rh8 48.Rf3 Rd8 1/2-1/2

[Event "Moscow Open 2009 C"]
[Site "?"]
[Date "2009.02.04"]
[Round "5.28"]
[White "Fastova, Tatiana"]
[Black "Airapetian, Tatevik"]
[Result "1-0"]
[WhiteElo "2005"]
[BlackElo "2145"]
[Annotator ""]
[Source ""]
[Remark ""]

1.e4 c5 2.Nf3 d6 3.d4 cxd4 4.Nxd4 Nf6 5.Nc3 a6 6.Be2 e6 7.O-O
Be7 8.f4 O-O 9.Be3 Nc6 10.Nb3 b5 11.Bf3 Bb7 12.Qe2 Qc7 13.Rad1
Rac8 14.g4 Nd7 15.g5 b4 16.Na4 Na5 17.Nd4 Nc5 18.Nxc5 dxc5 19.Nb3
Nxb3 20.cxb3 Rfd8 21.Rc1 Bf8 22.Rc2 Qa5 23.Ra1 g6 24.a4 Bg7 25.Rac1
Bd4 26.Rc4 Qb6 27.Qf2 a5 28.R4c2 Ba6 29.Be2 Bxe2 30.Rxe2 Qa6
31.Rd2 Bxe3 32.Qxe3 Rxd2 33.Qxd2 Qb6 34.Qe3 Qd6 35.Kf2 Rd8 36.Kf3
e5 37.f5 gxf5 38.exf5 e4+ 39.Qxe4 Qxh2 40.Re1 Qh3+ 41.Kf2 Qxb3
42.f6 Qxa4 43.Rh1 h5 44.Rxh5 Rd2+ 45.Ke3 Qb3+ 46.Kxd2 Qxb2+ 47.Ke3
Qc1+ 48.Kf2 Qd2+ 49.Kg3 Qc3+ 50.Kg4 Qd4 51.Qxd4 cxd4 52.Kf5 b3
53.g6 b2 54.Rh1 1-0

[Event "Moscow Open 2009 C"]
[Site "?"]
[Date "2009.02.04"]
[Round "5.29"]
[White "Kharmunova, Nadejda"]
[Black "Petrukhina, Irina"]
[Result "0-1"]
[WhiteElo "2140"]
[BlackElo "1905"]
[Annotator ""]
[Source ""]
[Remark ""]

1.e4 c5 2.Nf3 Nc6 3.d4 cxd4 4.Nxd4 g6 5.Nc3 Bg7 6.Be3 Nf6 7.Nxc6
bxc6 8.e5 Nd5 9.Nxd5 cxd5 10.Qxd5 Rb8 11.O-O-O Bb7 12.Qc5 Rc8
13.Qxa7 Qc7 14.Qa4 Bc6 15.Qb3 O-O 16.f4 Rb8 17.Qc3 Qb7 18.Rd2
Rfc8 19.Qb3 Qc7 20.Qc3 Qb7 21.Qd4 d6 22.c3 Ra8 23.Bc4 Bxg2 24.Rg1
Bf3 25.h4 Qc7 26.Bb3 dxe5 27.fxe5 Bxe5 28.Qd7 Bxc3 29.Qxc7 Bxd2+
30.Kxd2 Rxc7 31.Bd4 Rd7 32.Ke3 Bd5 33.Bc2 Rxa2 34.h5 Ra6 35.hxg6
hxg6 36.Bc3 Re6+ 37.Kf4 Re2 38.Bd3 Rf2+ 39.Ke3 Rf3+ 40.Ke2 Rh3
41.Bf5 Rh2+ 42.Ke3 e6 43.Bd3 Rh3+ 44.Ke2 Bf3+ 0-1

[Event "Moscow Open 2009 C"]
[Site "?"]
[Date "2009.02.04"]
[Round "5.30"]
[White "Abylkassymova, Raushan"]
[Black "Severiukhina, Zoja"]
[Result "1-0"]
[WhiteElo "1892"]
[BlackElo "2327"]
[Annotator ""]
[Source ""]
[Remark ""]

1.d4 Nf6 2.Nf3 g6 3.g3 Bg7 4.Bg2 O-O 5.O-O d6 6.c4 Nbd7 7.Nc3
e5 8.e4 Re8 9.h3 a5 10.b3 exd4 11.Nxd4 Nc5 12.Re1 Nfd7 13.Rb1
Ne5 14.Be3 a4 15.Qd2 c6 16.f4 Ned3 17.Red1 f5 18.exf5 Qf6 19.Nde2
axb3 20.axb3 Qe7 21.Bd4 Bxd4+ 22.Nxd4 Qe3+ 23.Qxe3 Rxe3 24.fxg6
Rxg3 25.gxh7+ Kxh7 26.Kh2 Re3 27.Nc2 Re8 28.b4 Na4 29.Nxa4 Nxf4
30.Nc3 d5 31.cxd5 cxd5 32.Nxd5 Nxd5 33.Rxd5 Ra2 34.Nd4 Re3 35.Kh1
Bxh3 36.Rh5+ 1-0

[Event "Moscow Open 2009 C"]
[Site "?"]
[Date "2009.02.04"]
[Round "5.31"]
[White "Baraeva, Marina"]
[Black "Chasovnikova, Eugenia"]
[Result "1-0"]
[WhiteElo "2009"]
[BlackElo "2302"]
[Annotator ""]
[Source ""]
[Remark ""]

1.d4 d5 2.Nf3 Nf6 3.c4 e6 4.Nc3 Be7 5.Bf4 O-O 6.e3 Nbd7 7.Bd3
dxc4 8.Bxc4 a6 9.O-O b5 10.Bb3 Bb7 11.Rc1 c5 12.dxc5 Nxc5 13.Qxd8
Rfxd8 14.Bc2 Nd3 15.Bxd3 Rxd3 16.Rfd1 Rxd1+ 17.Rxd1 Rc8 18.h3
b4 19.Na4 1-0

[Event "Moscow Open 2009 C"]
[Site "?"]
[Date "2009.02.04"]
[Round "5.32"]
[White "Baraeva, Irina"]
[Black "Tomilova, Elena"]
[Result "0-1"]
[WhiteElo "1997"]
[BlackElo "2300"]
[Annotator ""]
[Source ""]
[Remark ""]

1.d4 Nf6 2.c4 g6 3.Nc3 Bg7 4.e4 d6 5.Be2 O-O 6.Nf3 c5 7.Be3 cxd4
8.Nxd4 Nc6 9.O-O Bd7 10.Qd2 Ng4 11.Bxg4 Bxg4 12.f3 Bd7 13.Rfd1
Rc8 14.b3 a6 15.Rac1 Ne5 16.Nd5 Bc6 17.Ne2 Nd7 18.Nec3 Re8 19.Bg5
Nc5 20.Nxe7+ Rxe7 21.Bxe7 Qxe7 22.Qxd6 Qxd6 23.Rxd6 Be5 24.Rdd1
Re8 25.Nd5 a5 26.g3 g5 27.Rb1 Ne6 28.Rd2 Kh8 29.Rbd1 h5 30.Kg2
Nc5 31.Rb1 g4 32.Re1 Bg7 33.fxg4 hxg4 34.Rde2 Ne6 35.Rf2 Ng5
36.Rf4 Bd7 37.Nb6 Be6 38.Nd5 Be5 39.Rf2 Kg7 40.Rfe2 Bd7 41.Ne3
Bc3 42.Rd1 Bc6 43.Nd5 Bb4 44.e5 Bc3 45.Kf2 Bxe5 46.Rd3 f6 47.Ne3
Bf3 48.Nf5+ Kh8 49.Re1 Be4 50.Nd6 Nh3+ 51.Ke3 Bxd6 52.Rxd6 Ng5
53.Kf4 Nh3+ 54.Ke3 f5 55.Kd4 Ng5 56.Kc5 Nf3 57.Red1 Kg7 58.Rd7+
Kf6 59.R1d6+ Ke5 60.Rh6 a4 61.bxa4 Rc8+ 62.Kb4 Ne1 63.Kc3 Re8
64.a3 Nf3 65.a5 Re6 66.Rxe6+ Kxe6 67.Rh7 Ke5 68.Rh6 Nd4 69.Rh7
Ne6 70.Re7 Kd6 71.Re8 Nc5 72.Rd8+ Ke7 73.Rh8 Bc6 74.Rh6 Be4 75.Kb4
Na6+ 76.Kc3 Nc7 77.Kd4 Ne6+ 78.Ke5 Nd8 79.Rh7+ Nf7+ 80.Kd4 Kf6
81.Kc5 f4 82.Rh4 Kg5 83.Kd4 f3 84.Ke3 Nh6 85.Kf2 Bc6 86.h3 Be4
87.Kg1 Bd3 88.c5 gxh3 89.Rf4 Ng4 90.Rxf3 h2+ 91.Kg2 Be4 0-1

[Event "Moscow Open 2009 C"]
[Site "?"]
[Date "2009.02.04"]
[Round "5.33"]
[White "Sukhareva, Evgeniya"]
[Black "Grigoryeva, Olga A"]
[Result "1-0"]
[WhiteElo "2178"]
[BlackElo "2015"]
[Annotator ""]
[Source ""]
[Remark ""]

1.d4 d5 2.c4 e6 3.e3 c6 4.Nf3 f5 5.b3 Nf6 6.g3 Bd6 7.Bg2 O-O
8.O-O Bd7 9.Ba3 Bxa3 10.Nxa3 Be8 11.Ne5 Nbd7 12.Nxd7 Qxd7 13.Qc2
g5 14.f4 g4 15.Qe2 h5 16.Rfd1 Qh7 17.Nb1 h4 18.Nc3 Kg7 19.Kf2
Rh8 20.c5 Bd7 21.b4 Nh5 22.Rh1 Qg6 23.Qe1 Rh6 24.Ke2 Rah8 25.Kd2
Nf6 26.Qf2 hxg3 27.hxg3 Rxh1 28.Rxh1 Rxh1 29.Bxh1 Qh6 30.Qg1
Nh5 31.Ne2 a6 32.Bg2 Nf6 33.Kc2 Qh8 34.a3 Qa8 35.Nc3 a5 36.Kb2
Qa7 37.Qd1 b5 38.cxb6 Qxb6 39.Na4 Qb8 40.Kb3 axb4 41.axb4 Nh5
42.Qe1 Bc8 43.Nc5 Qa8 44.Bf1 Qa7 45.Be2 Nf6 46.Qg1 Ne4 47.Nxe4
dxe4 48.Qe1 Bd7 49.Bc4 Qa8 50.Qh1 Qc8 51.Qa1 Kf8 52.Qa7 Ke8 53.Qc5
Qa8 54.Qa5 Qb8 55.Qa1 Kd8 56.Qh1 Qa7 57.Qh8+ Kc7 58.Qh7 Kd6 59.Qh1
Qa8 60.Qc1 Qa7 61.Be2 Kc7 62.Qc5 Qb6 63.Bc4 Qxc5 64.dxc5 Kb7
65.Kc3 Kc7 66.Kd4 Kd8 67.Ke5 Ke7 68.Ba6 Be8 69.Bb7 Bd7 70.b5
cxb5 71.c6 1-0